| 000 | 00641cam a22001812 4500 | ||
|---|---|---|---|
| 001 | 0000019837 | ||
| 005 | 20151021151135.0 | ||
| 008 | 110215s xx 000 0 eng d | ||
| 040 |
_aKABU _cKABU |
||
| 110 | 2 |
_aKenya Institute for Public Policy Research and Analysis. _@0000158404 |
|
| 245 | 1 | 0 | _aAnnual report and financial statements for the year ended 30 June 2011. |
| 260 |
_aNairobi : _bKIPPRA, _c2011. |
||
| 300 | _a94 p. | ||
| 651 | 0 |
_aKenya Institute for public policy research and analysis. _xAnnual report. _@0000185711 |
|
| 908 | _a110215 | ||
| 950 | _@1 | ||
| 999 |
_c1122 _d1122 |
||